3 Science Threesomes Quiz Stats

 Plays Quiz Updated Mar 18, 2020

Support Sporcle.
Go Orange.
Score 0/9 Timer 01:30
10 Plays Today
Hint Answer % Correct
Primary Colors of Lightred
98.4%
Primary Colors of Lightblue
98.2%
Particles in an Atomneutron
95.3%
Particles in an Atomproton
94.6%
Primary Colors of Lightgreen
93.7%
Particles in an Atomelectron
92.9%
Parts of an Insect Bodyhead
85%
Parts of an Insect Bodythorax
72.4%
Parts of an Insect Bodyabdomen
60.2%

From the Vault

Remove Ads.
Support Sporcle.
Get the best of Sporcle when you Go Orange. This ad-free experience offers more features, more stats, and more fun while also helping to support Sporcle. Thank you for becoming a member.

Show Comments

Extras

Top Quizzes Today


Score Distribution

Your Account Isn't Verified!

In order to create a playlist on Sporcle, you need to verify the email address you used during registration. Go to your Sporcle Settings to finish the process.

Report this User

Report this user for behavior that violates our Community Guidelines.

Details: